000 00919nam a2200265Ia 4500
003 OSt
005 20221005112738.0
006 a|||||r|||| 00| 0
007 ta
008 221004b |||||||| |||| 00| 0 pan d
020 _a9788182994461 (hbk)
_cINR 200.00
024 _a65472
037 _b1176, 22/01/2020, H.K. Prakashan
_cTextual
040 _aCRL
_cCRL
_bpan
041 _2pan
_apan
082 _aO153,1:g, Q9
100 _a॥ਾਨ, ਇਕਬਾਲ, ਂਚ.
245 0 _aਯਾਦਾਂ ਦੇ ਪ੍ਰਛਾਵੇਜ਼
260 _aਦਿੱਲੀ
_bਆਰਸੀ ਪਬਲਿFਰਗ਼ ਭਾਰਤ
_c2019
300 _a100ਪ੍ਰ0
_ccm.
650 _a ਪੰਜਾਬੀ ਕਾਵਿ
650 _aਪੰਜਾਬੀ ਸਾਹਿਤ
942 _hO153,1:g, Q9
_cTEXL
_2cc
999 _c1025854
_d1025854